Największe miasta w województwie warmińsko-mazurskim - Statystyki

Ogólne statystyki
  • Ten quiz został rozwiązany 628 razy
  • Średni wynik to 13 z 20
Statystyki odpowiedzi
Lp Populacja Odpowiedź % Poprawnych
1 172.194 Olsztyn
99%
2 119.760 Elbląg
93%
3 62.006 Ełk
90%
4 33.322 Iława
77%
6 29.335 Giżycko
76%
10 21.656 Mrągowo
72%
5 32.947 Ostróda
72%
8 23.482 Bartoszyce
64%
12 19.277 Pisz
63%
7 27.212 Kętrzyn
62%
9 23.257 Szczytno
61%
13 17.040 Braniewo
57%
18 13.716 Gołdap
55%
15 15.728 Lidzbark Warmiński
55%
20 11.328 Węgorzewo
53%
11 21.279 Działdowo
51%
17 13.762 Nidzica
51%
14 16.442 Olecko
48%
16 13.793 Morąg
42%
19 12.160 Pasłęk
27%
Nie znaleziono quizów pasujących do podanych kryteriów
Rozkład punktacji
Procent ludzi z każdym wynikiem
Percentyl według liczby udzielonych odpowiedzi
Twoja historia wyników
Nie rozwiązałeś tego quizu